<?xml version="1.0" encoding="UTF-8"?>
<marc:record xmlns:marc="http://www.loc.gov/MARC21/slim">
   <marc:leader>00000nam a2200000 a 4500</marc:leader>
   <marc:datafield ind1="1" ind2=" " tag="100">
      <marc:subfield code="a">West, Tracey</marc:subfield>
      <marc:subfield code="4">aut</marc:subfield>
      <marc:subfield code="e">Verfasser/-in</marc:subfield>
   </marc:datafield>
   <marc:datafield ind1=" " ind2=" " tag="653">
      <marc:subfield code="a">Drachen</marc:subfield>
   </marc:datafield>
   <marc:datafield ind1=" " ind2=" " tag="653">
      <marc:subfield code="a">Erstlesealter, Vorschulalter</marc:subfield>
   </marc:datafield>
   <marc:datafield ind1="0" ind2="0" tag="245">
      <marc:subfield code="a">Drachenmeister - die Welle des Meeresdrachen</marc:subfield>
   </marc:datafield>
   <marc:datafield ind1=" " ind2="1" tag="264">
      <marc:subfield code="b">Adrian Verlag</marc:subfield>
      <marc:subfield code="c">2024</marc:subfield>
   </marc:datafield>
   <marc:datafield ind1="1" ind2=" " tag="520">
      <marc:subfield code="a">Die böse Zauberin Astrid steht kurz davor, ihren gefährlichen Zauber des falschen Lebens zu wirken! Um den Zauber rückgängig zu machen, brauchen die Drachenmeister die Hilfe von drei ganz besonderen Drachen - darunter ein Meeresdrache. Also reisen Drake, Bo und Opeli auf die Insel Kapua, um einen solchen Drachen zu finden. Doch dann taucht Astrid auf!
Kann ein neuer Drachenmeister namens Manawa ihnen helfen, bevor es zu spät ist?</marc:subfield>
   </marc:datafield>
   <marc:datafield ind1=" " ind2=" " tag="020">
      <marc:subfield code="a">9783948638610</marc:subfield>
      <marc:subfield code="9">9783948638610</marc:subfield>
   </marc:datafield>
</marc:record>
